00855 2200325 4500001002100000005001500021035002000036007000300056040001700059100002600076245003200102250001200134300003300146504002600179020001800205041000800223082001000231084001600241090002300257264003700280336002100317337003000338338002300368500002900391650001400420850001000434008004100444990002200485990002200507INLIS00000000000852120260519125403 a0010-0922001010ta aSBPUPADbind0 aIndriyantoePengarang1 aEkologi Hutan /cIndriyanto a.-cet.1 av, 209 hlm :bilus. ;c21 cm aBibliografi,, hlm 177 a979-526-253-X0 aind a634.9 a634.9 IND e a634.9 IND e L18-10 a.--Jakarta :bBumi Aksara,c2006 2rdacontentateks 2rdamediaatanpa perantara 2rdacarrieravolume aTentang Penulis hlm, 209 4aKehutanan aPUPAD260519 0  a5103/B/ARPUS/2008 a5104/B/ARPUS/2008